Statistics for 100 Seas of the World by Bordering Sea in 30 seconds

Click here to take the quiz!

General Stats

  • This quiz has been taken 533 times
  • The average score is 51 of 100

Answers on the Map

Answers color-coded by a green-red scale on the quiz's map according to % correct below.
 

Answer Stats

#Neighbouring seasBody of Water% Correct
16Alboran Sea, Bay of Biscay, Caribbean Sea, Celtic Sea, Greenland Sea, Gulf of Guinea, Gulf of Maine, Gulf of Mexico, Gulf of St. Lawrence, Indian Ocean, Irish Sea, Labrador Sea, North Sea, Norwegian Sea, Pacific Ocean, Río de la PlataAtlantic Ocean
94%
19Atlantic Ocean, Bering Sea, Bismarck Sea, Cook Strait, Coral Sea, Gulf of Alaska, Gulf of California, Gulf of Panama, Halmahera Sea, Indian Ocean, Molukka Sea, Philippine Sea, Salish Sea, San Francisco Bay, Sea of Japan, Sea of Okhotsk, Solomon Sea, Tasman Sea, Tokyo BayPacific Ocean
93%
12Andaman Sea, Arabian Sea, Atlantic Ocean, Bay of Bengal, Flores Sea, Great Australian Bight, Java Sea, Laccadive Sea, Mozambique Channel, Pacific Ocean, Savu Sea, Timor SeaIndian Ocean
90%
3Atlantic Ocean, Gulf of Mexico, Gulf of Panama (via canal)Caribbean Sea
83%
2Atlantic Ocean, Mediterranean SeaAlboran Sea
82%
2Atlantic Ocean, Caribbean SeaGulf of Mexico
82%
4Atlantic Ocean, English Channel, Norwegian Sea, SkagerrakNorth Sea
82%
4Atlantic Ocean, Barents Sea, Greenland Sea, North SeaNorwegian Sea
82%
2Caribbean Sea (via canal), Pacific OceanGulf of Panama
78%
4East China Sea, Pacific Ocean, South China Sea, Sulu SeaPhilippine Sea
77%
3Arctic Ocean, Atlantic Ocean, Norwegian SeaGreenland Sea
76%
3East China Sea, Pacific Ocean, Sea of OkhotskSea of Japan
76%
2Pacific Ocean, Sea of JapanSea of Okhotsk
76%
4Arafura Sea, Pacific Ocean, Solomon Sea, Tasman SeaCoral Sea
75%
4Bass Strait, Cook Strait, Coral Sea, Pacific OceanTasman Sea
75%
4Gulf of Aden, Gulf of Oman, Indian Ocean, Laccadive SeaArabian Sea
74%
4Atlantic Ocean, Bay of Biscay, English Channel, Irish SeaCeltic Sea
73%
2Arabian Sea, Indian OceanLaccadive Sea
73%
3Bismarck Sea, Coral Sea, Pacific OceanSolomon Sea
73%
2Atlantic Ocean, Celtic SeaBay of Biscay
72%
3Chukchi Sea, Gulf of Anadyr, Pacific OceanBering Sea
72%
2Pacific Ocean, Tasman SeaCook Strait
72%
1Pacific OceanGulf of California
72%
2Mediterranean Sea (via canal), Red SeaGulf of Suez
72%
2Atlantic Ocean, Celtic SeaIrish Sea
72%
1Pacific OceanSalish Sea
72%
1Pacific OceanSan Francisco Bay
72%
1Pacific OceanGulf of Alaska
71%
1Atlantic OceanGulf of Guinea
71%
2Atlantic Ocean, Bay of FundyGulf of Maine
71%
2Atlantic Ocean, Labrador SeaGulf of St. Lawrence
71%
4Flores Sea, Indian Ocean, South China Sea, Strait of MakassarJava Sea
71%
3Atlantic Ocean, Davis Strait, Gulf of St. LawrenceLabrador Sea
71%
6Banda Sea, Celebes Sea, Ceram Sea, Gulf of Tomini, Halmahera Sea, Pacific OceanMolukka Sea
71%
3Bay of Bengal, Indian Ocean, Strait of MalaccaAndaman Sea
70%
2Andaman Sea, Indian OceanBay of Bengal
70%
2Pacific Ocean, Solomon SeaBismarck Sea
70%
3Ceram Sea, Molukka Sea, Pacific OceanHalmahera Sea
70%
1Atlantic OceanRío de la Plata
70%
1Pacific OceanTokyo Bay
70%
5Banda Sea, Gulf of Boni, Indian Ocean, Java Sea, Savu SeaFlores Sea
65%
1Indian OceanMozambique Channel
65%
2Bass Strait, Indian OceanGreat Australian Bight
64%
2Flores Sea, Indian OceanSavu Sea
64%
2Banda Sea, Indian OceanTimor Sea
64%
4Adriatic Sea, Aegean Sea (via canal), Mediterranean Sea, Tyrrhenian SeaIonian Sea
63%
7Aegean Sea, Alboran Sea, Balearic Sea, Gulf of Suez (via canal), Ionian Sea, Ligurian Sea, Tyrrhenian SeaMediterranean Sea
63%
3Ionian Sea (via canal), Mediterranean Sea, Sea of MarmaraAegean Sea
62%
1Mediterranean SeaBalearic Sea
61%
2Mediterranean Sea, Tyrrhenian SeaLigurian Sea
61%
3Ionian Sea, Ligurian Sea, Mediterranean SeaTyrrhenian Sea
61%
5Arctic Ocean, Kara Sea, Norwegian Sea, Pechora Sea, White SeaBarents Sea
54%
4Arctic Ocean, Beaufort Sea, Bering Sea, East Siberian SeaChukchi Sea
54%
4Philippine Sea, Sea of Japan, South China Sea, Yellow SeaEast China Sea
54%
3Arctic Ocean, Beaufort Sea, Hudson BayNorthwestern Passages
53%
9Northwestern Passages, Baffin Bay, Barents Sea, Beaufort Sea, Chukchi Sea, East Siberian Sea, Greenland Sea, Kara Sea, Laptev SeaArctic Ocean
52%
2Arctic Ocean, Davis StraitBaffin Bay
51%
3Northwestern Passages, Arctic Ocean, Chukchi SeaBeaufort Sea
51%
4Arctic Ocean, Barents Sea, Laptev Sea, Pechora SeaKara Sea
51%
3Arctic Ocean, Chukchi Sea, Laptev SeaEast Siberian Sea
50%
3Arctic Ocean, East Siberian Sea, Kara SeaLaptev Sea
50%
2Arabian Sea, Red SeaGulf of Aden
48%
7East China Sea, Gulf of Thailand, Gulf of Tonkin, Java Sea, Philippine Sea, Strait of Malacca, Sulu SeaSouth China Sea
44%
3Gulf of Aden, Gulf of Aqaba, Gulf of SuezRed Sea
42%
3Celebes Sea, Philippine Sea, South China SeaSulu Sea
42%
2Andaman Sea, South China SeaStrait of Malacca
40%
1Red SeaGulf of Aqaba
39%
1South China SeaGulf of Thailand
39%
1South China SeaGulf of Tonkin
39%
2Celtic Sea, North SeaEnglish Channel
36%
2Aegean Sea, Black SeaSea of Marmara
35%
2Sea of Azov, Sea of MarmaraBlack Sea
34%
1Black SeaSea of Azov
34%
4Gulf of Bothnia, Gulf of Finland, Gulf of Riga, KattegatBaltic Sea
33%
1Baltic SeaGulf of Bothnia
32%
1Baltic SeaGulf of Finland
32%
1Baltic SeaGulf of Riga
32%
2Baltic Sea, SkagerrakKattegat
32%
2Kattegat, North SeaSkagerrak
32%
3Baffin Bay, Hudson Strait, Labrador SeaDavis Strait
27%
2Arabian Sea, Persian GulfGulf of Oman
26%
2Northwestern Passages, Hudson StraitHudson Bay
23%
2Davis Strait, Hudson BayHudson Strait
23%
Caspian Sea
22%
1East China SeaYellow Sea
18%
3Banda Sea, Coral Sea, Gulf of CarpentariaArafura Sea
15%
1Ionian SeaAdriatic Sea
11%
1Gulf of OmanPersian Gulf
11%
5Arafura Sea, Ceram Sea, Flores Sea, Molukka Sea, Timor SeaBanda Sea
9%
1Bering SeaGulf of Anadyr
8%
2Celebes Sea, Java SeaStrait of Makassar
8%
3Molukka Sea, Strait of Makassar, Sulu SeaCelebes Sea
7%
1Barents SeaWhite Sea
7%
2Great Australian Bight, Tasman SeaBass Strait
6%
1Gulf of MaineBay of Fundy
5%
3Banda Sea, Halmahera Sea, Molukka SeaCeram Sea
5%
2Barents Sea, Kara SeaPechora Sea
5%
1Arafura SeaGulf of Carpentaria
3%
1Flores SeaGulf of Boni
2%
1Molukka SeaGulf of Tomini
1%

Score Distribution

Percentile by Number Answered

Percent of People with Each Score

Your Score History

You have not taken this quiz